| 000 | 00735nam a2200253 a 4500 | ||
|---|---|---|---|
| 001 | 54003 | ||
| 003 | BD-RjUL | ||
| 005 | 20211209080046.0 | ||
| 008 | 161031s2001 nyu b 001 0 eng | ||
| 020 | _a0387951040 (alk. paper) | ||
| 035 | _a(BD-RjUL)54125 | ||
| 040 |
_aDLC _cDLC _dBD-RjUL _beng |
||
| 041 | _aeng | ||
| 082 | 0 | 0 |
_a515 _223 _bHEL 2001 |
| 100 | 1 |
_aHeinonen, Juha. _9161263 |
|
| 245 | 1 | 0 |
_aLectures on analysis on metric spaces / _cJuha Heinonen. |
| 260 |
_aNew York : _bSpringer, _cc2001. |
||
| 300 |
_ax, 140 p. ; _c25 cm. |
||
| 490 | 0 | _aUniversitext | |
| 504 | _aIncludes bibliographical references and index. | ||
| 650 | 0 |
_aMetric spaces. _9138258 |
|
| 650 | 0 |
_aMathematical analysis. _9161264 |
|
| 942 |
_2ddc _cBK |
||
| 999 |
_c54003 _d54003 |
||